[Event "V New Open Lugano"]
[Site "Lugano SUI"]
[Date "2011.04.23"]
[Round "2.14"]
[White "Cocconcelli,Lorenzo"]
[Black "Luca,Dragos"]
[Result "1-0"]
[WhiteElo "1842"]
[BlackElo "1581"]

1.d4 Nf6 2.c4 e6 3.Nf3 Bb4+ 4.Bd2 Bxd2+ 5.Qxd2 d5 6.Nc3 b6 7.e3 Nbd7 8.cxd5 exd5
9.Bd3 O-O 10.O-O c5 11.Rfd1 Bb7 12.Rac1 Qe7 13.Qe2 a5 14.b3 Rfc8 15.Na4 cxd4
16.Nxd4 Qd6 17.Qf3 Ne5 18.Qe2 Nxd3 19.Qxd3 Ba6 20.Rxc8+ Bxc8 21.Qb5 Nd7 22.Nf5 Qe5
23.Qxd5 Qxd5 24.Rxd5 g6 25.Nxb6 Rb8 26.Ne7+ Kg7 27.Nbxc8  1-0

[Event "Branko Vukmanovic Mem Open"]
[Site "Tivat MNE"]
[Date "2011.04.23"]
[Round "8.17"]
[White "Andonovski,L"]
[Black "Sente,D"]
[Result "1/2-1/2"]
[WhiteElo "2326"]
[BlackElo "2049"]

1.d4 Nf6 2.c4 e6 3.Nf3 Bb4+ 4.Bd2 Qe7 5.g3 Nc6 6.Nc3 O-O 7.Bg2 Bxc3 8.Bxc3 Ne4
9.Rc1 Nxc3 10.Rxc3 d6 11.d5 Nb8 12.dxe6 fxe6 13.Nd4 c6 14.O-O a5 15.Qd2 Nd7
16.e4 Nc5 17.Ra3 e5 18.Nb3 Nxb3 19.axb3 b6 20.b4 Be6 21.bxa5 Rxa5 22.Rxa5 bxa5
23.c5 dxc5 24.Qxa5 Rb8 25.Qc3 Qd6 26.Rc1 c4 27.Bf1 Rb4 28.Kg2 c5 29.Rc2 Qd4
30.f3 Rb3 31.Qd2 Qxd2+ 32.Rxd2 c3 33.bxc3 Rxc3 34.Kf2 g5 35.h4 h6 36.hxg5 hxg5
37.Bb5 Ra3 38.Rd6 Kf7 39.Rc6 Rc3 40.Rc7+ Kf6  1/2-1/2

[Event "Doeberl Cup Premier"]
[Site "Canberra AUS"]
[Date "2011.04.24"]
[Round "7.8"]
[White "Zvedeniouk,I"]
[Black "Illingworth,M"]
[Result "0-1"]
[WhiteElo "2110"]
[BlackElo "2345"]

1.d4 Nf6 2.Nf3 e6 3.c4 Bb4+ 4.Bd2 Qe7 5.e3 O-O 6.a3 Bxd2+ 7.Nbxd2 d6 8.Bd3 e5
9.Qc2 Re8 10.dxe5 dxe5 11.Ng5 h6 12.Nge4 Nbd7 13.O-O Nxe4 14.Nxe4 f5 15.Ng3 g6
16.Rfe1 a5 17.b3 Nc5 18.Bf1 Ne6 19.Qc3 Ng5 20.b4 h5 21.f4 h4 22.Nxf5 Bxf5
23.fxg5 Qxg5 24.c5 Kh7 25.b5 h3 26.g3 Re7 27.Rad1 Bg4 28.Rd2 Rf7 29.Bc4 Rf6
30.Bd5 c6 31.bxc6 bxc6 32.Be4 Raf8 33.Rd6 Rf2 34.Rxg6 Qxg6 35.Bxg6+ Kxg6
36.Qd3+ Kg7 37.Rb1 R8f7 38.Qe4 Rg2+ 39.Kh1 Bf3 40.Qxe5+ Kh7 41.Rf1 Rxg3+
42.Rxf3 Rgxf3 43.Qh5+ Kg8 44.Qg4+ Kf8 45.Qc8+ Ke7 46.Qc7+ Kf6 47.Qd6+ Kg5
48.Qd8+ R7f6 49.Qg8+ Kf5 50.Qc4 Rxe3 51.Kg1 Ke5 52.Qc1 Ref3 53.Qe1+ Kd5 54.Qd2+ Kxc5
55.Qxa5+ Kd4 56.Qd2+ Ke5 57.Qe2+ Kd6 58.Qd1+ Ke6 59.Qe2+ Kd7 60.Qd2+ Kc8
61.Qc1 Kc7 62.Qe1 c5 63.Qe5+ Kc6 64.Qe4+ Kd6 65.Qb1 Rf1+ 66.Qxf1 Rxf1+ 67.Kxf1 Kd5
68.Ke2 Kc4  0-1

[Event "Oberhausen Easter Open"]
[Site "Oberhausen GER"]
[Date "2011.04.24"]
[Round "4.1"]
[White "Becker,Marce"]
[Black "Fridman,D"]
[Result "1/2-1/2"]
[WhiteElo "2387"]
[BlackElo "2661"]

1.d4 Nf6 2.Nf3 e6 3.c4 Bb4+ 4.Bd2 c5 5.Bxb4 cxb4 6.Qd3 O-O 7.g3 b6 8.Bg2 Nc6
9.O-O Ba6 10.Ne5 Rc8 11.Nxc6 dxc6 12.a3 b3 13.Nd2 c5 14.dxc5 Qxd3 15.exd3 Rfd8
16.cxb6 axb6 17.Rfd1 Rxd3 18.Bf1 Rd7 19.Nxb3 Bxc4 20.Rxd7 Nxd7 21.Rc1 b5
22.Nd4 Rb8 23.Bxc4 bxc4 24.Rxc4 Rxb2 25.Rc8+ Nf8 26.a4 Ra2 27.Nc6 g5 28.a5 Kg7
29.Rc7 Ng6 30.Ra7 Kf6 31.a6 Ne5 32.Nxe5 Kxe5 33.Rxf7 Rxa6 34.Rxh7 Kf6 35.g4 Kg6
36.Rh8 Kg7 37.Rb8 Ra4 38.h3 Rc4 39.Kg2 Ra4 40.Rb3 Rc4 41.Kg3 Kf6 42.Rf3+ Kg6
43.Re3 Kf6 44.h4 gxh4+ 45.Kxh4 Rf4 46.Kg3 Ra4 47.f4 Ra1 48.g5+ Kf7 49.Kf3 Rf1+
50.Ke4 Ra1 51.Rh3 Ra4+ 52.Kf3  1/2-1/2

[Event "V New Open Lugano"]
[Site "Lugano SUI"]
[Date "2011.04.25"]
[Round "6.12"]
[White "Conta,D"]
[Black "Kudryavtsev,E"]
[Result "0-1"]
[WhiteElo "1688"]
[BlackElo "2126"]

1.d4 Nf6 2.c4 e6 3.Nf3 Bb4+ 4.Bd2 Qe7 5.a3 Bxd2+ 6.Nbxd2 d6 7.e3 e5 8.dxe5 dxe5
9.e4 O-O 10.Qc2 a5 11.Be2 Nbd7 12.O-O a4 13.Nb1 Nc5 14.Nc3 c6 15.Rad1 b6
16.h3 Nh5 17.Nh2 Nf4 18.Bg4 Bxg4 19.Nxg4 h5 20.Ne3 Qg5 21.Kh2 Nce6 22.Ne2 Nxe2
23.Qxe2 Nd4 24.Qe1 Qf4+ 25.Kg1 Qxe4 26.f3 Qf4 27.Qf2 Rad8 28.Nc2 Rd6 29.g3 Qf6
30.f4 Nxc2 31.Rxd6 Qxd6 32.fxe5 Qd4  0-1

[Event "ch-RUS Rapid Women"]
[Site "Olginka RUS"]
[Date "2011.04.25"]
[Round "1"]
[White "Gubernatorova,L"]
[Black "Turova,I"]
[Result "1/2-1/2"]
[WhiteElo "2266"]
[BlackElo "2428"]

1.d4 Nf6 2.c4 e6 3.Nf3 Bb4+ 4.Bd2 a5 5.Nc3 O-O 6.e3 d6 7.a3 Bxc3 8.Bxc3 Ne4
9.Qc2 Nxc3 10.Qxc3 a4 11.Bd3 b6 12.Qc2 h6 13.O-O Bb7 14.Nd2 Nd7 15.Be4 d5
16.cxd5 exd5 17.Bf3 Nf6 18.Rac1 c6 19.Rfd1 Qe7 20.Nb1 Rfe8 21.Nc3 b5 22.Na2 Rec8
23.Nb4 Ne8 24.Nd3 Nd6 25.Nc5 Nc4 26.Re1 Re8 27.e4 dxe4 28.Rxe4 Qc7 29.Rce1 Rxe4
30.Rxe4 Nd6 31.Re5 Nc4 32.Re1 Rd8 33.Be2 Nb6 34.Qe4 Nd5 35.Bd3 g6 36.Qh4 Bc8
37.Qxh6 Nf4 38.Bb1 Qa5 39.Kf1 Qd2 40.Ne4 Qxd4 41.Ng5 Qg7 42.Qh4 Qf6 43.Qh7+ Kf8
44.Qh6+ Kg8 45.Qh7+ Kf8 46.Qh6+ Kg8  1/2-1/2

[Event "ch-RUS Rapid Women"]
[Site "Olginka RUS"]
[Date "2011.04.25"]
[Round "2"]
[White "Gunina,V"]
[Black "Kovanova,B"]
[Result "1/2-1/2"]
[WhiteElo "2472"]
[BlackElo "2376"]

1.d4 Nf6 2.Nf3 e6 3.c4 Bb4+ 4.Bd2 Bxd2+ 5.Qxd2 d5 6.e3 O-O 7.Nc3 Nbd7 8.Rc1 Qe7
9.Bd3 dxc4 10.Bxc4 a6 11.O-O b5 12.Be2 Bb7 13.a4 b4 14.Na2 a5 15.Rxc7 Bd5
16.Nc1 Qd6 17.Rc2 b3 18.Rc4 Nb6 19.Rc5 Ne4 20.Qd3 Nxc5 21.dxc5 Qxc5 22.Ng5 g6
23.e4 Bc4 24.Qg3 h6 25.Nf3 Nxa4 26.Ne5 Bxe2 27.Nxe2 Nxb2 28.h4 Qe7  1/2-1/2

[Event "17th Asian Cities"]
[Site "Jakarta INA"]
[Date "2011.04.26"]
[Round "6.2"]
[White "Kazhgaleyev,M"]
[Black "Ghaem Maghami,E"]
[Result "1-0"]
[WhiteElo "2618"]
[BlackElo "2606"]

1.d4 Nf6 2.c4 e6 3.Nf3 Bb4+ 4.Bd2 Qe7 5.g3 O-O 6.Bg2 Bxd2+ 7.Qxd2 d5 8.O-O c6
9.Rc1 Nbd7 10.Na3 b6 11.Ne5 c5 12.cxd5 exd5 13.Nxd7 Bxd7 14.dxc5 bxc5 15.Bxd5 Nxd5
16.Qxd5 Rad8 17.Rc2 Bg4 18.Qxc5 Qxc5 19.Rxc5 Bxe2 20.Re1 Rfe8 21.Nb1 h6 22.Nc3 Bf3
23.Rxe8+ Rxe8 24.Kf1 Re7 25.h3 g6 26.b4 a6 27.a4 Kg7 28.b5 axb5 29.axb5 h5
30.b6 Rb7 31.Rb5 Kf6 32.Ke1 Bc6 33.Rb4 Ke5 34.Kd2 Kd6 35.Ke3 Kc5 36.Rb1 Rxb6
37.Ne4+ Bxe4 38.Rxb6 Kxb6 39.Kxe4 Kc6 40.Ke5 Kd7 41.Kf6 Ke8 42.g4 hxg4 43.hxg4 Kf8
44.f4 Kg8 45.Ke7 Kg7 46.f5 gxf5 47.gxf5 f6 48.Ke6 Kg8 49.Kxf6  1-0

[Event "7th WSCC U17 Open"]
[Site "Krakow POL"]
[Date "2011.05.01"]
[Round "2.3"]
[White "Jayasundara,P"]
[Black "Emiroglu,C"]
[Result "1/2-1/2"]
[WhiteElo "1951"]
[BlackElo "2181"]

1.d4 Nf6 2.Nf3 e6 3.c4 Bb4+ 4.Bd2 Qe7 5.g3 Bxd2+ 6.Nbxd2 d6 7.Bg2 a5 8.O-O O-O
9.e4 e5 10.Qc2 Nbd7 11.Rfe1 Re8 12.b3 Nf8 13.a3 Bg4 14.Rac1 c5 15.d5 Qd7
16.Rb1 Qc8 17.Re3 h6 18.Nh4 Ra6 19.Nf5 Ng6 20.h3 Bxf5 21.exf5 Ne7 22.g4 g6
23.fxg6 fxg6 24.Rbe1 g5 25.Be4 Rf8 26.Rf3 Nxe4 27.Qxe4 Ng6 28.Rxf8+ Qxf8
29.Nf1 Nh4 30.Re3 Ra8 31.f4 gxf4 32.Qxf4 Kh8 33.Nd2 Nf5 34.gxf5 Qg8+ 35.Rg3 Qxg3+
36.Kf1 Qf3+ 37.Kg1 Qg3+ 38.Kf1 Qxh3+ 39.Kg1 Qg4+ 40.Kh1 Qh5+ 41.Kg1 a4 42.bxa4 Qg4+
43.Kh1 Qd1+ 44.Kg2 Qe2+ 45.Kg1 Qg4+ 46.Kh1 Qd1+ 47.Kg2 Qe2+ 48.Kg1 Qe3+ 49.Kg2 Qe2+
50.Kg1  1/2-1/2

[Event "TCh-HUN 2010-11"]
[Site "Zalaegerszeg HUN"]
[Date "2011.05.01"]
[Round "10"]
[White "Metaxasz,V"]
[Black "Horvath,Gy1"]
[Result "0-1"]
[WhiteElo "2140"]
[BlackElo "2356"]

1.d4 Nf6 2.Nf3 e6 3.c4 Bb4+ 4.Bd2 Qe7 5.Nc3 O-O 6.e3 d6 7.a3 Bxc3 8.Bxc3 b6
9.Bd3 Bb7 10.Qe2 Ne4 11.Bxe4 Bxe4 12.O-O Nd7 13.Nd2 Bb7 14.e4 c5 15.Rad1 cxd4
16.Bxd4 Rac8 17.Qg4 Ne5 18.Qg3 f6 19.b3 Rfd8 20.Rfe1 Qf7 21.f4 Nc6 22.Bb2 Ne7
23.Qe3 Re8 24.Nf3 Rcd8 25.Nd4 e5 26.fxe5 dxe5 27.Nb5 Nc8 28.Nc3 Nd6 29.c5 bxc5
30.Qxc5 Qxb3 31.Rxd6 Rxd6 32.Qxd6 Qxb2 33.Nd5 Qd4+ 34.Kh1 Bxd5 35.exd5 Qb6
36.Qd7 Rd8 37.Qa4 Qd4 38.Qa6 h6 39.Qb7 a5  0-1

[Event "Ostravsky Konik A"]
[Site "Ostrava CZE"]
[Date "2011.05.02"]
[Round "3.24"]
[White "Dobes,L"]
[Black "Kutynec,V"]
[Result "0-1"]
[WhiteElo "2075"]
[BlackElo "2253"]

1.d4 Nf6 2.Nf3 e6 3.c4 Bb4+ 4.Bd2 Qe7 5.Nc3 Bxc3 6.Bxc3 Ne4 7.Qc2 Nxc3 8.Qxc3 d6
9.g3 O-O 10.Bg2 Nc6 11.O-O e5 12.d5 Nd8 13.e4 f5 14.exf5 Bxf5 15.b4 Nf7 16.c5 g5
17.h4 h6 18.Rac1 Qf6 19.Qe3 a5 20.b5 Rac8 21.Rc3 Bd7 22.Rfc1 gxh4 23.Nxh4 Ng5
24.cxd6 cxd6 25.Rxc8 Bxc8 26.Rc7 e4 27.Rc2 Bd7 28.Bxe4 Re8 29.f3 Qa1+ 30.Kh2 Qf1
31.Ng2 Rxe4  0-1

[Event "TCh-POL Ekstraliga"]
[Site "Wroclaw POL"]
[Date "2011.05.07"]
[Round "2.3"]
[White "Wojcieszyn,J"]
[Black "Shkapenko,P"]
[Result "1/2-1/2"]
[WhiteElo "2262"]
[BlackElo "2419"]

1.d4 Nf6 2.Nf3 e6 3.c4 Bb4+ 4.Bd2 Qe7 5.e3 Bxd2+ 6.Qxd2 d6 7.Nc3 O-O 8.Rd1 e5
9.dxe5 dxe5 10.Nd5 Nxd5 11.cxd5 Rd8 12.Qc3 Bg4 13.Be2 Bxf3 14.Bxf3 e4 15.Be2 c6
16.dxc6 Nxc6 17.O-O h6 18.h3 Qe5 19.Qb3 Qe7 20.Bb5 Ne5 21.Rd5 a6 22.Be2 Rxd5
23.Qxd5 Nc6 24.Rd1 Rd8 25.Qf5 Rxd1+ 26.Bxd1 g6 27.Qd5 Nb4 28.Qc4 Nd3 29.Qd4 Qe6
30.Bc2 Qxa2 31.Qxe4 Nxb2 32.Qxb7 Qa1+ 33.Kh2 Qa3 34.g3 Qc3 35.Bb3 Qf6 36.Bxf7+ Kf8
37.Bxg6 Qxf2+ 38.Qg2  1/2-1/2

[Event "13th Salou Open"]
[Site "Salou ESP"]
[Date "2011.05.08"]
[Round "6.2"]
[White "Rivas Pastor,M"]
[Black "Fedorchuk,S"]
[Result "1/2-1/2"]
[WhiteElo "2533"]
[BlackElo "2654"]

1.d4 Nf6 2.Nf3 e6 3.c4 Bb4+ 4.Bd2 a5 5.Nc3 b6 6.a3 Bxc3 7.Bxc3 Ne4 8.Rc1 O-O
9.e3 Bb7 10.Be2 d6 11.O-O Nd7 12.Nd2 Nxc3 13.Rxc3 a4 14.Bf3 Qb8 15.Bxb7 Qxb7
16.Qf3 Rfb8 17.Rfc1 Qxf3 18.Nxf3 Kf8 19.Ne1 Ke7 20.Nd3 c5 21.Kf1 Rc8 22.Ke2 Nb8
23.b4 axb3 24.Rxb3 Ra6 25.Kd2 Nc6 26.dxc5 bxc5 27.g4 Rca8 28.Rcc3 g5 29.h3 h5
30.Rb7+ Kf6 31.Rd7 hxg4 32.hxg4 Na5 33.e4 Kg7 34.e5 dxe5 35.Nxe5 R6a7 36.Rxa7 Rxa7
37.Nd3 Rd7 38.Ke3 Rd4 39.Nxc5 Rxg4 40.Ne4 f5 41.f3 Rh4  1/2-1/2

[Event "ch-Euro Indiv Women"]
[Site "Tbilisi GEO"]
[Date "2011.05.09"]
[Round "3"]
[White "Batsiashvili,N"]
[Black "Nemcova,Kat"]
[Result "1-0"]
[WhiteElo "2399"]
[BlackElo "2294"]

1.d4 Nf6 2.c4 e6 3.Nf3 Bb4+ 4.Bd2 Be7 5.Nc3 d5 6.e3 O-O 7.Bd3 c5 8.cxd5 exd5
9.dxc5 Bxc5 10.Ne2 Nc6 11.Rc1 Qe7 12.Bc3 Ne4 13.O-O Bg4 14.Ned4 Nxd4 15.Bxd4 Bxd4
16.exd4 Ng5 17.Qe1 Nxf3+ 18.gxf3 Qd7 19.Qe3 Bf5 20.Bxf5 Qxf5 21.Qe5 Qxf3
22.Rc3 Qe4 23.Re1 Qxe5 24.Rxe5 h6 25.Rc7 b6 26.Rxd5 Rfc8 27.Rb7 Rcb8 28.Rxb8+ Rxb8
29.Rd7 a6 30.Kg2 Kf8 31.Kf3 Ke8 32.Rc7 Rd8 33.Ke4 Rd6 34.d5 Rf6 35.f4 Kd8
36.Ra7 a5 37.Ke5 h5 38.h4 Kc8 39.f5 Kd8 40.a4 Kc8 41.d6 Kd8 42.Rb7  1-0

[Event "ch-UKR semi-final"]
[Site "Alushta UKR"]
[Date "2011.05.10"]
[Round "8.6"]
[White "Galinsky,T"]
[Black "Tarlev,K"]
[Result "0-1"]
[WhiteElo "2418"]
[BlackElo "2499"]

1.d4 Nf6 2.c4 e6 3.Nf3 Bb4+ 4.Bd2 a5 5.g3 d5 6.Bg2 O-O 7.O-O dxc4 8.Qc2 Bxd2
9.Nbxd2 b5 10.a4 c6 11.e4 Na6 12.Qc3 Bb7 13.axb5 cxb5 14.Qxa5 Qxa5 15.Rxa5 Nc7
16.Rxa8 Rxa8 17.e5 Ne4 18.Nxe4 Bxe4 19.Ng5 Bxg2 20.Kxg2 f5 21.exf6 gxf6 22.Ne4 Kf7
23.f4 f5 24.Ng5+ Ke7 25.Nxh7 Ra2 26.Rf2 Nd5 27.Ng5 b4 28.h4 c3 29.bxc3 b3  0-1

[Event "ch-Euro Indiv Women"]
[Site "Tbilisi GEO"]
[Date "2011.05.11"]
[Round "5"]
[White "Alexanian,N"]
[Black "Khurtsilava,I"]
[Result "0-1"]
[WhiteElo "2141"]
[BlackElo "2286"]

1.d4 Nf6 2.c4 e6 3.Nf3 Bb4+ 4.Bd2 Qe7 5.Nc3 Bxc3 6.Bxc3 Ne4 7.Rc1 O-O 8.e3 Nxc3
9.Rxc3 d6 10.c5 e5 11.cxd6 cxd6 12.Qc2 Nc6 13.d5 Nd4 14.Nxd4 exd4 15.Rb3 Bd7
16.Qd2 Qe4 17.f3 Qb1+ 18.Kf2 Rac8 19.exd4 Rc2 20.Be2 Qxh1 21.Qxc2 Ba4 22.h3 Bxb3
23.Qxb3 Qc1 24.Qc3 Rc8 25.Qxc1 Rxc1 26.Bd3 Ra1  0-1

[Event "TCh-HUN 2010-11"]
[Site "Budapest HUN"]
[Date "2011.05.15"]
[Round "11"]
[White "Ilincic,Z"]
[Black "Jakab,At"]
[Result "1-0"]
[WhiteElo "2447"]
[BlackElo "2413"]

1.d4 Nf6 2.c4 e6 3.Nf3 Bb4+ 4.Bd2 Qe7 5.g3 O-O 6.Bg2 Bxd2+ 7.Qxd2 d6 8.O-O e5
9.Nc3 c6 10.e4 Re8 11.h3 a6 12.a4 a5 13.Rfe1 Na6 14.Rad1 Nb4 15.Kh2 h6 16.b3 Be6
17.Re2 Rad8 18.Qe3 Bc8 19.Red2 exd4 20.Nxd4 d5 21.cxd5 cxd5 22.Ndb5 dxe4
23.Nd6 Rf8 24.Ncxe4 Nxe4 25.Bxe4 Qe6 26.g4 Nc6 27.Bf5 Qxe3 28.fxe3 Bxf5 29.gxf5 Rd7
30.Nc4 Re7 31.Rd7 Rb8 32.R7d5 f6 33.Kg3 Rc8 34.Kf2 Ne5 35.Nd6 Rd8 36.e4 Rc7
37.Nc4 Rxd5 38.exd5 Kf8 39.d6 Rc8 40.Nxa5 Rc2+ 41.Ke3 Ke8 42.Nxb7 Rc3+ 43.Ke4 Rxb3
44.Nc5 Rxh3 45.d7+  1-0

[Event "TCh-HUN 2010-11"]
[Site "Decs HUN"]
[Date "2011.05.15"]
[Round "11"]
[White "Hando,V"]
[Black "Amstadt,A"]
[Result "1/2-1/2"]
[WhiteElo "2308"]
[BlackElo "2262"]

1.d4 Nf6 2.c4 e6 3.Nf3 Bb4+ 4.Bd2 Qe7 5.Nc3 b6 6.g3 Bb7 7.Bg2 Bxc3 8.Bxc3 Ne4
9.Rc1 O-O 10.O-O d6 11.Nd2 Nxc3 12.Rxc3 Bxg2 13.Kxg2 Nd7 14.Nf3 f5 15.Qa4 Nf6
16.Qc6 Ne4 17.Rc2 g5 18.Nd2 Nxd2 19.Rxd2 f4 20.gxf4 gxf4 21.Kh1 Kh8 22.Rg1 Rg8
23.Rdd1 a5 24.b3 Raf8 25.Rxg8+ Rxg8 26.Rg1 Rxg1+ 27.Kxg1 Kg7 28.Kg2 Qg5+
29.Kf1 Qe7 30.Ke1 Kf6 31.Qe4 e5 32.Kd2 Qd7 33.a3 Qe7 34.b4 axb4 35.axb4 d5
36.dxe5+ Qxe5 37.Qxh7 Qb2+ 38.Qc2 Qxb4+ 39.Qc3+ Qxc3+ 40.Kxc3  1/2-1/2

[Event "ch-CZE"]
[Site "Pardubice CZE"]
[Date "2011.05.15"]
[Round "4"]
[White "Babula,V"]
[Black "Stocek,J"]
[Result "1/2-1/2"]
[WhiteElo "2566"]
[BlackElo "2600"]

1.d4 Nf6 2.c4 e6 3.Nf3 Bb4+ 4.Bd2 Bxd2+ 5.Qxd2 O-O 6.Nc3 d5 7.Rc1 Qe7 8.e3 Rd8
9.Qc2 Bd7 10.a3 dxc4 11.Bxc4 c5 12.d5 exd5 13.Nxd5 Nxd5 14.Bxd5 Be8 15.Be4 g6
16.O-O Na6 17.Rfd1  1/2-1/2

[Event "ch-Euro Indiv Women"]
[Site "Tbilisi GEO"]
[Date "2011.05.16"]
[Round "9"]
[White "Alexanian,N"]
[Black "Rizhamadze,P"]
[Result "1/2-1/2"]
[WhiteElo "2141"]
[BlackElo "2052"]

1.d4 Nf6 2.c4 e6 3.Nf3 Bb4+ 4.Bd2 Qe7 5.g3 O-O 6.Bg2 Bxd2+ 7.Qxd2 d6 8.Nc3 c5
9.dxc5 dxc5 10.O-O-O Nc6 11.Qd6 Qxd6 12.Rxd6 Rd8 13.Rxd8+ Nxd8 14.Ne5 Bd7
15.g4 Be8 16.Rd1 h6 17.h4 g5 18.hxg5 hxg5 19.Ne4 Nxe4 20.Bxe4 Kf8 21.Rh1 Rc8
22.Rh8+ Ke7 23.Rg8 f6 24.Ng6+ Kd7 25.Rf8 Bxg6 26.Bxg6 Ke7 27.Re8+ Kd7 28.Rf8 Ke7
29.Re8+ Kd7 30.Rh8 Rb8 31.Be4 a6 32.e3 b5 33.f4 bxc4 34.Kc2 Kd6 35.Rh6 Ke7
36.Rh7+ Kd6 37.fxg5 fxg5 38.Rg7 Nc6 39.Bxc6 Kxc6 40.Rxg5 Rf8 41.Rg7 Rf3 42.Kd2 Rf2+
43.Kc3 Re2 44.g5 Rxe3+ 45.Kxc4 Rg3 46.g6 Rg4+ 47.Kd3 Kd5 48.Rd7+ Kc6 49.Rg7 Kd5
50.Rg8 Rg3+ 51.Ke2 Ke5 52.Kf2 Rg5 53.g7  1/2-1/2

[Event "Serbian Cup 2011"]
[Site "Valjevo SRB"]
[Date "2011.05.16"]
[Round "1.1"]
[White "Markus,Rob"]
[Black "Radlovacki,J"]
[Result "1-0"]
[WhiteElo "2629"]
[BlackElo "2418"]

1.d4 Nf6 2.c4 e6 3.Nf3 Bb4+ 4.Bd2 Qe7 5.g3 b6 6.Bg2 Bb7 7.O-O Bxd2 8.Qxd2 O-O
9.Nc3 d5 10.cxd5 Nxd5 11.Nxd5 Bxd5 12.Qf4 Na6 13.e4 Bb7 14.Rad1 Rad8 15.Rfe1 Nb4
16.Rd2 Nxa2 17.Ra1 Nb4 18.Rxa7 Rb8 19.h4 Rfd8 20.h5 h6 21.Ne5 Rd6 22.Kh2 Ba6
23.Qe3 Bb5 24.Qa3 Rdd8 25.f4 Rbc8 26.d5 exd5 27.exd5 Qc5 28.Qc3 Qd6 29.Bh3 Ra8
30.Nxf7 Kxf7 31.Rxc7+ Bd7 32.Be6+ Kf8 33.Rxd7 Rxd7 34.Bxd7 Nxd5 35.Qc6 Qxc6
36.Bxc6 Ne3 37.Re2 Rc8 38.Be4 Ng4+ 39.Kh3 Nf6 40.Bg6 Rb8 41.Re5 Rb7 42.Re6 Rb8
43.b4 Nd5 44.b5 Nc7 45.Re5 Rd8 46.Rf5+ Kg8 47.Kg4 Rd6 48.Bf7+ Kh7 49.Re5 Rf6
50.Bc4 Rf8 51.Kf3 Rd8 52.Ke3 Ne8 53.Re7 Nd6 54.Bd3+ Kg8 55.Rc7 Ne8 56.Rb7 Nf6
57.Bc4+ Kh7 58.Bf7 Rf8 59.Kd4 Kh8 60.Kd3 Rd8+ 61.Ke3 Nd7 62.Kf3 Kh7 63.Be6 Nc5
64.Bf5+ Kg8 65.Rxb6 Rd5 66.g4 Kf7 67.Rc6 Ke7 68.b6 Nb3 69.Rc7+ Kf6 70.b7 Rb5
71.Bg6 Na5 72.Be4  1-0

[Event "20th Croatian Cup"]
[Site "Sibenik CRO"]
[Date "2011.05.18"]
[Round "1.63"]
[White "Martic,Z"]
[Black "Berke,A"]
[Result "1-0"]
[WhiteElo "2356"]
[BlackElo "2170"]

1.d4 Nf6 2.Nf3 e6 3.c4 Bb4+ 4.Bd2 Qe7 5.g3 Nc6 6.Bg2 Bxd2+ 7.Nbxd2 d6 8.O-O a5
9.h3 O-O 10.e4 e5 11.d5 Nb8 12.Ne1 Na6 13.Nd3 Nd7 14.a3 Nac5 15.Nxc5 Nxc5
16.b4 axb4 17.axb4 Rxa1 18.Qxa1 Na6 19.Qa3 g6 20.Rc1 b6 21.Bf1 Qg5 22.Rc2 f5
23.c5 f4 24.cxd6 Nxb4 25.Rb2 c5 26.dxc6 Nxc6 27.Nf3 Qf6 28.g4 Nd4 29.Nxd4 exd4
30.Rxb6 Bd7 31.Qb3+ Kh8 32.Qd5 f3 33.g5 Qf4 34.Qxd4+ Kg8 35.Bc4+  1-0

[Event "ch-Euro Indiv Women"]
[Site "Tbilisi GEO"]
[Date "2011.05.18"]
[Round "11"]
[White "Javakhishvili,L"]
[Black "Kosintseva,N"]
[Result "1/2-1/2"]
[WhiteElo "2454"]
[BlackElo "2567"]

1.d4 Nf6 2.c4 e6 3.Nf3 Bb4+ 4.Bd2 a5 5.Nc3 O-O 6.Qc2 d5 7.cxd5 exd5 8.Bg5 Nbd7
9.e3 Re8 10.Bd3 Nf8 11.O-O c6 12.Ne5 Be7 13.Rae1 N6d7 14.Bxe7  1/2-1/2

[Event "ch-Euro Indiv Women"]
[Site "Tbilisi GEO"]
[Date "2011.05.18"]
[Round "11"]
[White "Cherednichenko,E"]
[Black "Mammadova,A"]
[Result "1/2-1/2"]
[WhiteElo "2147"]
[BlackElo "1964"]

1.d4 Nf6 2.Nf3 e6 3.c4 Bb4+ 4.Bd2 Qe7 5.a3 Bxd2+ 6.Qxd2 b6 7.g3 Bb7 8.Bg2 O-O
9.O-O d6 10.Nc3 Nbd7 11.b4 Ne4 12.Qc2 Nxc3 13.Qxc3 Nf6 14.Rfd1 Ne4 15.Qc2 Qf6
16.Qd3 c5 17.Qe3 Qe7 18.Ne1 f5 19.f3 Nf6 20.dxc5 dxc5 21.bxc5 bxc5 22.Nd3 Nd7
23.Nf4 Rfe8 24.Qxe6+ Qxe6 25.Nxe6 Rxe6 26.Rxd7 Bc8 27.Rc7 Rxe2 28.Rxc5 f4
29.Bf1 Re3 30.gxf4 Bb7 31.Re5 Rc3 32.Bh3 Rxf3 33.Be6+ Kh8 34.Rb1 Bc6 35.Rc5 Be4
36.Re1 Rxf4 37.Bc8 h6 38.Rd1 Rf8 39.Be6 Rab8 40.Rb5 Rbe8 41.Re5 Bc2 42.Rc1 Rf6
43.Rxc2 Rexe6 44.Rxe6 Rxe6 45.c5 Rc6  1/2-1/2

[Event "Serbian Cup 2011"]
[Site "Valjevo SRB"]
[Date "2011.05.20"]
[Round "5.3"]
[White "Markus,Rob"]
[Black "Vratonjic,S"]
[Result "1-0"]
[WhiteElo "2629"]
[BlackElo "2392"]

1.d4 Nf6 2.c4 e6 3.Nf3 Bb4+ 4.Bd2 Qe7 5.g3 Nc6 6.Nc3 Bxc3 7.Bxc3 Ne4 8.Rc1 O-O
9.Bg2 d6 10.d5 Nd8 11.Bb4 e5 12.Nd2 Nxd2 13.Qxd2 b6 14.c5 Nb7 15.cxd6 cxd6
16.O-O Qd8 17.f4 a5 18.Bc3 f6 19.fxe5 fxe5 20.Rxf8+ Qxf8 21.Bxe5 Nc5 22.Bd4 Ba6
23.e4 Qe8 24.Qe3 Qa4 25.b3 Qd7 26.e5 dxe5 27.Bxc5 bxc5 28.Rxc5 a4 29.b4 e4
30.Ra5 Qc7 31.h4  1-0

[Event "ch-Siberia Men"]
[Site "Barnaul RUS"]
[Date "2011.05.21"]
[Round "2"]
[White "Sadovskiy,Danila"]
[Black "Chernov,Mi2"]
[Result "0-1"]
[WhiteElo "1811"]
[BlackElo "2134"]

1.d4 Nf6 2.c4 e6 3.Nf3 Bb4+ 4.Bd2 Qe7 5.a3 Bxd2+ 6.Nbxd2 d6 7.e4 e5 8.d5 a5
9.b4 O-O 10.Be2 Na6 11.Qb3 axb4 12.axb4 Nc5 13.Qb1 Rxa1 14.Qxa1 Ncxe4 15.Nxe4 Nxe4
16.Bd3 Ng5 17.Be2 Nxf3+ 18.gxf3 Qg5 19.h4 Qg2 20.Rf1 Qh2 21.Kd2 Qxh4 22.Bd3 Qf4+
23.Ke2 Bf5 24.Bxf5 Qxf5 25.Qc3 e4 26.f4 Qxf4 27.Rg1 g6 28.Ra1 Qe5 29.Qxe5 dxe5
30.Ra7 Rb8 31.c5 Kf8 32.Kd2 Ke7 33.d6+ cxd6 34.c6 Kd8 35.b5 Kc7  0-1

[Event "20th Croatian Cup"]
[Site "Sibenik CRO"]
[Date "2011.05.21"]
[Round "5.31"]
[White "Palac,M"]
[Black "Kurajica,B"]
[Result "1/2-1/2"]
[WhiteElo "2583"]
[BlackElo "2531"]

1.d4 Nf6 2.c4 e6 3.Nf3 Bb4+ 4.Bd2 Qe7 5.g3 Bxd2+ 6.Qxd2 c5 7.Nc3 cxd4 8.Nxd4 O-O
9.Bg2 Nc6 10.Rd1 Qb4 11.b3 d5 12.cxd5 exd5 13.O-O Rd8 14.Nxd5 Qxd2 15.Rxd2 Nxd5
16.Nxc6 bxc6 17.e4 Be6 18.exd5  1/2-1/2

[Event "ch-Siberia Men"]
[Site "Barnaul RUS"]
[Date "2011.05.22"]
[Round "3"]
[White "Pavlov,O"]
[Black "Maletin,P"]
[Result "0-1"]
[WhiteElo "2263"]
[BlackElo "2570"]

1.d4 Nf6 2.Nf3 e6 3.c4 Bb4+ 4.Bd2 Qe7 5.e3 b6 6.Be2 Bxd2+ 7.Qxd2 Ne4 8.Qc2 Bb7
9.O-O d6 10.Rd1 f5 11.Nc3 O-O 12.d5 Nxc3 13.Qxc3 e5 14.e4 Nd7 15.Nd2 a5 16.exf5 Rxf5
17.Bg4 Rf4 18.Bxd7 Qxd7 19.Qe3 Raf8 20.Ne4 Qg4 21.Re1 Bc8 22.Re2 Qg6 23.b3 h5
24.Kh1 Bg4 25.Ree1 h4 26.h3 Bf5 27.Nd2 Bd3 28.f3 e4 29.fxe4 Rf2 30.Rg1 Qg3
31.Qe1 Qf4 32.Nb1 Qe5 33.Nc3 R8f3  0-1

[Event "ch-Siberia Men"]
[Site "Barnaul RUS"]
[Date "2011.05.22"]
[Round "3"]
[White "Iskusnyh,S"]
[Black "Barlakov,A"]
[Result "1/2-1/2"]
[WhiteElo "2481"]
[BlackElo "2308"]

1.d4 Nf6 2.c4 e6 3.Nf3 Bb4+ 4.Bd2 a5 5.g3 b6 6.Bg2 Bb7 7.O-O O-O 8.Qc2 Be4
9.Qc1 Bb7 10.Rd1 Bxd2 11.Qxd2 d6 12.Nc3 Ne4 13.Nxe4 Bxe4 14.Rac1 Nd7 15.Qe3 Bb7
16.c5 bxc5 17.dxc5 Bxf3 18.Qxf3 d5 19.e4 c6 20.exd5 exd5 21.Qf4 Nf6 22.a3 Qb8
23.Qd4 Re8 24.b4 axb4 25.axb4 Ra4 26.Rb1 Qb7 27.Rb2 Qa7 28.Bf3 Ra1 29.Rbb1 Rxb1
30.Rxb1 Qb7 31.Bg2 h6 32.h3  1/2-1/2

[Event "20th Croatian Cup"]
[Site "Sibenik CRO"]
[Date "2011.05.22"]
[Round "6.81"]
[White "Franic,M"]
[Black "Franciskovic,B"]
[Result "1/2-1/2"]
[WhiteElo "2381"]
[BlackElo "2287"]

1.d4 Nf6 2.c4 e6 3.Nf3 Bb4+ 4.Bd2 Qe7 5.g3 Nc6 6.Bg2 Bxd2+ 7.Nbxd2 d6 8.O-O O-O
9.e4 e5 10.d5 Nb8 11.Ne1 a5 12.f4 Nfd7 13.f5 Na6 14.a3 c6 15.b4 axb4 16.axb4 Qd8
17.Kh1 Qb6 18.Nc2 Nc7 19.Rxa8 Nxa8 20.h4 Nc7 21.Qf3 Na6 22.Rb1 Qd8 23.Qd3 Qe7
24.Nb3 cxd5 25.cxd5 Qd8 26.Nd2 Nb6 27.Bf1 Bd7 28.Ne3 Qe7 29.Nf3 Rc8 30.Qa3 Ra8
31.Ng4 f6 32.Qe3 Na4 33.Nf2 Rc8 34.Nd1 Qd8 35.b5 N6c5 36.Nd2 Be8 37.g4 Nb6
38.Be2 Ra8 39.g5 Ra2 40.Nf2 Nbd7 41.Nc4 Nf8 42.b6 Rc2 43.Kg1 Bh5 44.Bf1 Ra2
45.Rc1 Nfd7 46.Nxd6 Qxb6 47.Nb5 Rb2 48.gxf6 Rxb5 49.Bxb5 Qxb5 50.fxg7 Qe2
51.Qg5 Qxf2+ 52.Kxf2 Nxe4+ 53.Ke3 Nxg5 54.hxg5 Kxg7 55.Rc7 Be8 56.Rxb7 h6
57.gxh6+ Kxh6 58.Rxd7  1/2-1/2

[Event "ch-Siberia Men"]
[Site "Barnaul RUS"]
[Date "2011.05.24"]
[Round "5"]
[White "Dzhumagaliev,Y"]
[Black "Barlakov,A"]
[Result "1-0"]
[WhiteElo "2389"]
[BlackElo "2308"]

1.d4 Nf6 2.c4 e6 3.Nf3 Bb4+ 4.Bd2 a5 5.g3 b6 6.Bg2 Bb7 7.O-O O-O 8.Bg5 Be7
9.Qc2 Be4 10.Qd2 Bb7 11.Nc3 Ne4 12.Nxe4 Bxe4 13.Bxe7 Qxe7 14.Qf4 Bxf3 15.Bxf3 Ra7
16.a3 a4 17.Rac1 d6 18.c5 bxc5 19.dxc5 d5 20.c6 Ra6 21.e4 e5 22.Qd2 d4 23.Be2 Rb6
24.Rc4 Rxc6 25.Rxc6 Nxc6 26.Bb5 Nd8 27.Bxa4 c5 28.Rc1 Nb7 29.Bc6 Nd6 30.h3 Qa7
31.a4 Rc8 32.Bd5 h6 33.f4 Qe7 34.fxe5 Qxe5 35.Qf4 Qe7 36.e5 Nb7 37.b4 Nd8
38.b5 Ne6 39.Qf5 Qd7 40.Bc4 Rd8 41.Bd3 Qa7 42.h4 Nf8 43.Rf1 Rd7 44.Bc4 d3
45.b6 Qb7 46.Bxd3 Qxb6 47.Bc4 Qa7 48.a5 Re7 49.a6 Ne6 50.Kh2 Qb6 51.Rf2 Qc6
52.Qf3 Qc7 53.Qxf7+ Rxf7 54.Bxe6 Qxe5 55.Bxf7+ Kf8 56.a7  1-0